Biggest British Cities within 20 Miles on a Map! - Statistics

General Stats
  • This quiz has been taken 1,123 times
  • The average score is 45 of 142
Answers on the Map
Answers color-coded by a green-red scale on the quiz's map according to % correct below.
 
Answer Stats
Population British City (Town) % Correct
9,088,994 London
99%
567,334 Manchester
95%
506,560 Edinburgh
94%
632,330 Glasgow
94%
589,774 Liverpool
94%
337,210 Belfast
93%
1,159,888 Birmingham
93%
356,425 Cardiff
91%
516,298 Leeds
89%
290,688 Newcastle-upon-Tyne
86%
580,199 Bristol
85%
198,410 Aberdeen
84%
270,333 Southampton
81%
557,039 Sheffield
80%
320,536 Nottingham
76%
161,662 Oxford
76%
240,297 Plymouth
76%
185,033 Swansea
76%
245,504 Brighton and Hove
75%
47,060 Inverness
75%
83,125 Derry
74%
287,705 Kingston upon Hull
74%
164,934 York
74%
149,155 Cambridge
73%
472,897 Leicester
73%
199,245 Norwich
72%
148,280 Dundee
70%
127,709 Exeter
62%
145,007 Blackpool
60%
198,582 Bournemouth
57%
147,851 Ipswich
57%
278,365 Stoke-on-Trent
57%
228,471 Reading
56%
230,070 Northampton
54%
148,167 Gloucester
51%
107,434 Lincoln
51%
33,573 Gibraltar
50%
177,609 Middlesbrough
49%
222,043 Luton
48%
74,536 Carlisle
47%
184,708 Southend-on-Sea
46%
101,816 Worcester
45%
26,677 Douglas
44%
61,259 Wrexham
43%
179,349 Peterborough
41%
8,170 O{ban}
39%
192,923 Swindon
37%
121,475 Blackburn
35%
37,670 Stirling
35%
64,037 Hereford
34%
93,430 Hastings
32%
13,518 Berwick-upon-Tweed
30%
15,873 Aberystwyth
28%
61,866 Scarborough
28%
46,480 Ayr
27%
111,983 Crawley
25%
120,425 Maidstone
25%
46,332 Salisbury
25%
33,290 Dumfries
24%
5,610 Fort {William}
24%
65,339 Margate
24%
46,506 Boston
23%
153,143 Telford
23%
44,306 Barrow-in-Furness
22%
12,060 Holyhead
22%
48,556 King's Lynn
21%
7,380 K{irkwall}
21%
63,915 Taunton
21%
54,130 Folkestone
19%
55,212 Weymouth
19%
80,120 Bury
18%
6,680 L{erwick}
18%
7,390 T{hurso}
18%
107,493 Woking
17%
73,976 Lowestoft
16%
4,800 S{tornoway}
16%
24,080 Elgin
15%
19,682 Omagh
15%
18,530 Peterhead
15%
33,522 St. Helier
15%
48,564 Yeovil
15%
29,698 Kendal
14%
10,110 Stranraer
14%
41,260 Greenock
13%
25,981 St. Austell
13%
23,432 Whitehaven
13%
13,790 Enniskillen
12%
45,090 Merthyr Tydfil
12%
67,345 Paignton
12%
32,948 Barnstaple
11%
70,263 Bognor Regis
11%
78,582 Burton-upon-Trent
11%
16,260 Carmarthen
11%
8,021 C{romer}
11%
9,430 D{unbar}
11%
15,971 Ripon
11%
8,017 A{lnwick}
10%
24,630 Coleraine
10%
64,193 Craigavon
10%
11,974 Minehead
10%
11,700 Montrose
10%
11,261 Newtown
10%
18,958 St. Peter Port
10%
29,467 Ballymena
9%
4,250 C{ardigan}
9%
28,468 Colwyn Bay
9%
87,420 Harlow
9%
8,271 R{ichmond}
9%
4,500 C{ampbeltown}
8%
45,085 Grantham
7%
15,388 Haverfordwest
7%
13,610 Hawick
7%
8,860 L{anark}
7%
9,444 L{aunceston}
7%
57,912 Leamington Spa
7%
10,509 Ludlow
7%
8,940 P{eebles}
7%
11,980 Sandown
7%
43,557 Braintree
6%
10,874 Downpatrick
6%
28,465 Frome
6%
34,399 George Town
6%
4,540 H{untly}
6%
5,340 K{inross}
6%
17,637 Louth
6%
4,739 M{oreton}-in-Marsh
6%
12,603 Road Town
6%
15,323 Skipton
6%
22,770 Camborne
5%
4,831 C{ockburn} Town
5%
4,030 N{ewton} S{tewart}
5%
4,344 P{wllheli}
5%
22,399 Buxton
4%
5,515 H{artford}
4%
8,882 S{eaton}
4%
8,721 W{arrenpoint}
4%
20,059 Alton
2%
23,769 Providenciales
2%
17,295 Thorne
2%
6,030 L{eiston}
1%
10,180 Watton
1%
5,201 W{inslow}
0%
No matching quizzes found
Score Distribution
Percent of People with Each Score
Percentile by Number Answered
Your Score History
You have not taken this quiz